Statistics for Solar System Objects - Picture Quiz #2

Click here to take the quiz!

General Stats

  • This quiz has been taken 58 times
    (49 since last reset)
  • The average score is 8 of 12

Answer Stats

Answer% Correct
Earth
100%
Uranus
94%
Titan
79%
Venus
79%
Ganymede
76%
Phobos
74%
Mercury
68%
Triton
68%
Charon
62%
Ida
35%
Bennu
29%
103P/Hartley
12%

Score Distribution

Percentile by Number Answered

Percent of People with Each Score

Your Score History

You have not taken this quiz since the last reset